| 000 | 00998nam a22002657a 4500 | ||
|---|---|---|---|
| 005 | 20180320113301.0 | ||
| 010 | _a1617E ENG-117170 | ||
| 020 |
_a9788125062349 _c360.00 |
||
| 035 | _aB-649242-249 | ||
| 035 | _aEN-100702 | ||
| 035 | _aB-667251 | ||
| 037 |
_bAakar _adpl |
||
| 037 | _bDBAD/PUB | ||
| 082 | _a810 | ||
| 082 |
_a880 _2DBAD |
||
| 100 | _aDutta, Nandana | ||
| 245 |
_aAmerican literature / _c by Nandana Dutta, |
||
| 260 |
_c2016 _aNew Delhi _bOrient Blackswan |
||
| 270 |
_a1/24, Asaf Ali Road _bNew Delhi _e110002 |
||
| 300 |
_c23cm(pbk) _axviii,452p. |
||
| 490 | _aLiterary contexts | ||
| 942 |
_cEN _2ddc _h810 _mDUT |
||
| 999 |
_c102607 _d102607 |
||